000 00680nam a2200217 4500
003 OSt
005 20260530113855.0
008 260424b1964 nyua|||| |||| 00| 0 eng d
040 _aICI
_bspa
_cICI
041 _aeng
050 _aNC 715
_bS38
100 1 _aSausmarez, Maurice de,
_d1915-1969
_eautor
_931679
245 1 0 _aBasic design :
_bthe dynamics of visual form /
_cMaurice de Sausmarez
264 1 _aLondon :
_bStudio Vista ;
_aNew York :
_bReinhold Publishing Corporation,
_c1964
300 _a96 páginas:
_bilustraciones
336 _atexto
_2rdacontent
337 _asin medio
_2rdamedia
338 _avolumen
_2rdacarrier
650 4 _aDiseño
_92672
942 _2lcc
_cBK
_n1
999 _c11604
_d11604